| Tag |
First Indicator |
Second Indicator |
Subfields |
| LEADER |
00000cam a2200000Ia 4500 |
| 001 |
in00002467784 |
| 005 |
20210817090308.0 |
| 006 |
m d |
| 007 |
cr cn||||||||| |
| 008 |
081117s2008 gw a sb 101 0 eng d |
| 020 |
|
|
|a 3540694072
|
| 020 |
|
|
|a 9783540694076
|
| 035 |
|
|
|a (OCoLC)272312578
|
| 035 |
|
|
|a (OCoLC)ocn272312578
|
| 037 |
|
|
|a 978-3-540-69405-2
|b Springer
|n http://www.springerlink.com
|
| 040 |
|
|
|a GW5XE
|b eng
|c GW5XE
|d UtOrBLW
|
| 049 |
|
|
|a TEFA
|
| 050 |
1 |
4 |
|a QA9.59
|b .C67 2008eb
|
| 072 |
|
7 |
|a QA
|2 lcco
|
| 111 |
2 |
|
|a Conference on Computability in Europe
|n (4th :
|d 2008 :
|c Athens, Greece)
|
| 245 |
1 |
0 |
|a Logic and theory of algorithms :
|b 4th Conference on Computability in Europe, CiE 2008, Athens, Greece, June 15-20, 2008 : proceedings /
|c Arnold Beckmann, Costas Dimitracopoulos, Benedikt Löwe (eds.).
|
| 246 |
3 |
0 |
|a CiE 2008
|
| 264 |
|
1 |
|a Berlin :
|b Springer,
|c 2008.
|
| 300 |
|
|
|a xix, 596 pages :
|b illustrations ;
|c 24 cm.
|
| 336 |
|
|
|a text
|b txt
|2 rdacontent
|
| 337 |
|
|
|a computer
|b c
|2 rdamedia
|
| 338 |
|
|
|a online resource
|b cr
|2 rdacarrier
|
| 490 |
1 |
|
|a LNCS sublibrary. SL 1, Theoretical computer science and general issues
|
| 490 |
1 |
|
|a Lecture notes in computer science,
|x 0302-9743 ;
|v 5028
|
| 500 |
|
|
|a Electronic resource.
|
| 500 |
|
|
|a International conference proceedings.
|
| 504 |
|
|
|a Includes bibliographical references and index.
|
| 533 |
|
|
|a Electronic reproduction.
|b New York :
|c Springer,
|d 2008.
|n Mode of access: World Wide Web.
|n System requirements: Web browser.
|n Title from title screen (viewed on Nov. 10, 2008).
|n Access may be restricted to users at subscribing institutions.
|
| 650 |
|
0 |
|a Algorithms
|v Congresses.
|0 http://id.loc.gov/authorities/subjects/sh2007100991
|
| 650 |
|
0 |
|a Computable functions
|v Congresses.
|
| 650 |
|
0 |
|a Computational intelligence
|v Congresses.
|0 http://id.loc.gov/authorities/subjects/sh2008101457
|
| 650 |
|
0 |
|a Logic, Symbolic and mathematical
|v Congresses.
|0 http://id.loc.gov/authorities/subjects/sh2008107112
|
| 655 |
|
7 |
|a Electronic books.
|2 local
|
| 700 |
1 |
|
|a Beckmann, Arnold.
|0 http://id.loc.gov/authorities/names/no2006074754
|
| 700 |
1 |
|
|a Dimitracopoulos, Costas.
|0 http://id.loc.gov/authorities/names/n2007043195
|
| 700 |
1 |
|
|a Löwe, Benedikt.
|0 http://id.loc.gov/authorities/names/n2003001005
|
| 710 |
2 |
|
|a SpringerLink (Online service)
|0 http://id.loc.gov/authorities/names/no2005046756
|
| 776 |
1 |
|
|c Original
|z 9783540694052
|z 3540694056
|w (OCoLC)232124237
|
| 830 |
|
0 |
|a LNCS sublibrary.
|n SL 1,
|p Theoretical computer science and general issues.
|0 http://id.loc.gov/authorities/names/no2007042902
|
| 830 |
|
0 |
|a Lecture notes in computer science.
|x 0302-9743 ;
|v 5028.
|0 http://id.loc.gov/authorities/names/n42015162
|
| 856 |
4 |
0 |
|u http://proxy.library.tamu.edu/login?url=https://dx.doi.org/10.1007/978-3-540-69407-6
|z Connect to the full text of this electronic book
|t 0
|
| 994 |
|
|
|a C0
|b TEF
|
| 999 |
|
|
|a MARS
|
| 999 |
f |
f |
|s 0febb6b0-4d43-3a27-8f6c-867a8045928c
|i 0bb65ff9-83d4-3eaa-884e-5c661667f876
|t 0
|
| 952 |
f |
f |
|a Texas A&M University
|b College Station
|c Electronic Resources
|d Available Online
|t 0
|e QA9.59 .C67 2008eb
|h Library of Congress classification
|
| 998 |
f |
f |
|a QA9.59 .C67 2008eb
|t 0
|l Available Online
|